Impact of HDB sale of tenanted shops' scheme on trade mix /
Saved in:
| Main Author: | |
|---|---|
| Format: | Thesis Book |
| Language: | English |
| Published: |
1997.
|
| Subjects: | |
| Tags: |
Add Tag
No Tags, Be the first to tag this record!
|
| LEADER | 00890cam a2200265 a 4500 | ||
|---|---|---|---|
| 001 | u417697 | ||
| 003 | SIRSI | ||
| 008 | 971112s1997 si v 00 1 eng m | ||
| 035 | |a ACE-1195 | ||
| 040 | |a UMM | ||
| 043 | |a a-si--- | ||
| 090 | |a HF5429.6 |b S55Lim | ||
| 100 | 1 | 0 | |a Lim, Nan Chieh. |
| 245 | 1 | 0 | |a Impact of HDB sale of tenanted shops' scheme on trade mix / |c Lim Nan Chieh. |
| 260 | |c 1997. | ||
| 300 | |a ix, 50 leaves : |b ill., col. maps ; |c 30 cm. | ||
| 502 | |a Dissertation (M.Sc.) -- National University of Singapore, 1997. | ||
| 504 | |a Bibliography: leaves 48-50. | ||
| 610 | 1 | 0 | |a Singapore. |b Housing and Development Board. |
| 650 | 0 | |a Retail trade |z Singapore. | |
| 650 | 0 | |a Stores, Retail |z Singapore | |
| 650 | 0 | |a Real estate business |z Singapore. | |
| 948 | |a 12/11/1997 |b 17/08/1998 | ||
| 596 | |a 1 | ||
| 999 | |a HF5429.6 S55LIM |w LC |c 1 |i A506953417 |l STACKS |m P01UTAMA |r Y |s Y |t TESIS |u 28/11/1997 | ||
